01415nam a2200253 i 4500001001000000003000900010005001700019006001900036007000300055008004100058040003000099082001300129245022200142264010400364300004500468336002700513337003300540338002800573490003500601500008100636505035100717700003701068700005601105000016567DO-SdBNP20260304092050.0a||||fr|||| 00| 0 ta100308e1997 dr ad r 000 0 spa d aDO-SdBNPbspacBNPHUerda 4a22bE92i10aEvaluación de impacto a plazo del programa de profesionalización de maestros bachilleres en servicios :bInforme de investigación , 1997. /cCoordinación Rosa Vanderhorst; presentación, Milagros Ortiz Bosch. aSanto Domingo :bUnidad Coordinadora del Programa de Mejoramiento de la Educación Básica,c1997 a96 páginas :bIlustraciones. ;c27 cm. 2rdacontentatextobtxt 2rdamediaasin mediaciónbn 2rdacarrieravolumenbnc1 aInvestigación educativa ;v3 aUnidad Coordinadora del Programa de Mejoramiento de la Educación Básica. aResumen Ejecutivo.tIntroducción.--tII. El Objetivo d evaluación.--tIII. Marco de referencia: La política educativa.--tIV. Estrategias metodológicas.--tV. Presentación y análisis de información.--tVI. Interpretación cuantitativa de la información.--tVII. Inferencias y recomendaciones.--tVIII. Fuentes de información.--1 aVanderhorst, Rosa,ecoordinadora12aOrtiz Bosch, Milagros, 1936-epresentaciónd1936-